Governance and the Electoral Process in Pakistan - National Assembly Elections 1997 : (Record no. 274)

MARC details
000 -LEADER
fixed length control field 006530000a22001810004500
005 - DATE AND TIME OF LATEST TRANSACTION
control field 20231113102320.0
008 - FIXED-LENGTH DATA ELEMENTS--GENERAL INFORMATION
fixed length control field 230817t1998 ||||| |||| 00| 0 eng d
020 ## - ISBN
ISBN 9555800316
082 ## - DEWEY DECIMAL CLASSIFICATION NUMBER
Classification number 324.954
Item number GOV
942 ## - ADDED ENTRY ELEMENTS (KOHA)
Item Type Reports
700 ## - ADDED ENTRY--PERSONAL NAME
Personal name Thiagarajah, Jeevan.
Relator Term editor
245 ## - TITLE STATEMENT
Title Governance and the Electoral Process in Pakistan - National Assembly Elections 1997 :
Sub Title Report of SAARC- NGO Observers
260 ## - PUBLICATION, DISTRIBUTION, ETC. (IMPRINT)
Place of Publication Colombo:
Name of Publisher International Centre for Ethnic Studies,
Date of Copyright 1998
300 ## - PHYSICAL DESCRIPTION
Extent iii, 215 p. ; 22 cm.
Physical Details Index included
650 ## - SUBJECT ADDED ENTRY--TOPICAL TERM
Topical Term PAKISTAN,NATIONAL ASSEMBLY--Elections
650 ## - SUBJECT ADDED ENTRY--TOPICAL TERM
Topical Term Elections--Pakistan
650 ## - SUBJECT ADDED ENTRY--TOPICAL TERM
Topical Term Pakistan--Politics and government.
Holdings
Withdrawn status Lost status Damaged status Not for loan Permanent location Current location Date acquired Total Checkouts Full call number Barcode Date last seen Price effective from Koha item type
        Resource center, Muslim Women's Research And Action Forum Resource center, Muslim Women's Research And Action Forum 2023-08-17   324.954 GOV RAF1817 2023-08-17 2023-08-17 Reports

Copyright © 2023 Muslim Women's Research and Action Forum (MWRAF), No 27/3, Anderson Road, Kalubowila, Dehiwela. Funded by The Asia Fundation